<?xml version="1.0" encoding="UTF-8"?>
<record
    xmlns:xsi="http://www.w3.org/2001/XMLSchema-instance"
    xsi:schemaLocation="http://www.loc.gov/MARC21/slim http://www.loc.gov/standards/marcxml/schema/MARC21slim.xsd"
    xmlns="http://www.loc.gov/MARC21/slim">

  <leader>00833nam a2200253Ia 4500</leader>
  <controlfield tag="003">OSt</controlfield>
  <controlfield tag="005">20220930184552.0</controlfield>
  <controlfield tag="006">a|||||r|||| 00| 0</controlfield>
  <controlfield tag="007">ta</controlfield>
  <controlfield tag="008">220926b        |||||||| |||| 00| 0 eng d</controlfield>
  <datafield tag="020" ind1=" " ind2=" ">
    <subfield code="a">8180900452</subfield>
    <subfield code="c">2000</subfield>
  </datafield>
  <datafield tag="024" ind1=" " ind2=" ">
    <subfield code="a">1093</subfield>
  </datafield>
  <datafield tag="037" ind1=" " ind2=" ">
    <subfield code="b">2009/I, 06/02/2009, Vidyanidhi Prakashan</subfield>
    <subfield code="c">Textbook</subfield>
  </datafield>
  <datafield tag="040" ind1=" " ind2=" ">
    <subfield code="a">CRL</subfield>
    <subfield code="c">CRL</subfield>
    <subfield code="b">eng</subfield>
  </datafield>
  <datafield tag="041" ind1=" " ind2=" ">
    <subfield code="2">eng</subfield>
    <subfield code="a">eng</subfield>
  </datafield>
  <datafield tag="082" ind1=" " ind2=" ">
    <subfield code="a">V2:71, P5.1-.2(Q4)</subfield>
  </datafield>
  <datafield tag="100" ind1=" " ind2=" ">
    <subfield code="a">M.D.Sampath Ed.</subfield>
    <subfield code="9">557155</subfield>
  </datafield>
  <datafield tag="245" ind1=" " ind2="0">
    <subfield code="a">Ancient sciences and archaeology</subfield>
    <subfield code="b"> Journal of the ancient sciences and archaeological society of India</subfield>
  </datafield>
  <datafield tag="260" ind1=" " ind2=" ">
    <subfield code="a">Delhi</subfield>
    <subfield code="b">Bharatiya Kala Prakashan India      </subfield>
    <subfield code="c">2007</subfield>
  </datafield>
  <datafield tag="490" ind1=" " ind2=" ">
    <subfield code="v">Vol.I</subfield>
  </datafield>
  <datafield tag="650" ind1=" " ind2=" ">
    <subfield code="a">HISTORY</subfield>
  </datafield>
  <datafield tag="942" ind1=" " ind2=" ">
    <subfield code="h">V2:71, P5.1-.2(Q4)</subfield>
    <subfield code="c">TB</subfield>
    <subfield code="2">CC</subfield>
  </datafield>
  <datafield tag="999" ind1=" " ind2=" ">
    <subfield code="c">888753</subfield>
    <subfield code="d">888753</subfield>
  </datafield>
  <datafield tag="952" ind1=" " ind2=" ">
    <subfield code="0">0</subfield>
    <subfield code="1">0</subfield>
    <subfield code="4">0</subfield>
    <subfield code="7">0</subfield>
    <subfield code="a">CRL</subfield>
    <subfield code="b">CRL</subfield>
    <subfield code="d">2022-09-30</subfield>
    <subfield code="e">2009/I, 06/02/2009, Vidyanidhi Prakashan</subfield>
    <subfield code="g">2000.00</subfield>
    <subfield code="h">Vol.I</subfield>
    <subfield code="l">0</subfield>
    <subfield code="o">V2:71 P5.1-.2(Q4)</subfield>
    <subfield code="p">CL1398620</subfield>
    <subfield code="r">2022-09-30 00:00:00</subfield>
    <subfield code="v">2000.00</subfield>
    <subfield code="w">2022-09-30</subfield>
    <subfield code="y">TB</subfield>
    <subfield code="z">Available in Seminar Library</subfield>
  </datafield>
</record>
